Gewalt vermeiden in gesellschaftlichen Konflikten: Erwachsenenbildung zur Auseinandersetzung zwischen Institutionen und "neuen Protestbewegungen"
| Main Author: | |
|---|---|
| Format: | Print Book |
| Language: | German |
| Published: |
Mainz
Matthias-Grünewald-Verl.
1989
|
| In: |
Psychoanalytische Pädagogik (1)
Year: 1989 |
| Online Access: |
Table of Contents Table of Contents |
| Check availability: | HBZ Gateway |
| Subito Delivery Service: | Order now. |
| Keywords: |
MARC
| LEADER | 00000cam a2200000 c 4500 | ||
|---|---|---|---|
| 001 | 026815737 | ||
| 003 | DE-627 | ||
| 005 | 20260206195622.0 | ||
| 007 | tu | ||
| 008 | 900215s1989 gw ||||| 00| ||ger c | ||
| 015 | |a 89,N38,0040 |2 dnb | ||
| 015 | |a 89,N38,0040 |2 dnb | ||
| 016 | 7 | |a 891029966 |2 DE-101 | |
| 020 | |a 3786714576 |9 3-7867-1457-6 | ||
| 035 | |a (DE-627)026815737 | ||
| 035 | |a (DE-603)011241322 | ||
| 035 | |a (DE-576)018935273 | ||
| 035 | |a (DE-599)GBV026815737 | ||
| 035 | |a (OCoLC)22625092 | ||
| 035 | |a (OCoLC)230991176 | ||
| 035 | |a (OCoLC)22625092 | ||
| 035 | |a (AT-OBV)AC00300439 | ||
| 040 | |a DE-627 |b ger |c DE-627 |e rakwb | ||
| 041 | |a ger | ||
| 044 | |c XA-DE | ||
| 050 | 0 | |a HM278 | |
| 084 | |a S 430 |2 sfb | ||
| 084 | |a PÄ 755 |2 sfb | ||
| 084 | |a PÄ 886,2 |2 sfb | ||
| 084 | |a POL 80 (60) |2 sfb | ||
| 084 | |a PÄ 544,9 |2 sfb | ||
| 084 | |a 11 |a 14 |a 22 |a 16 |2 sdnb | ||
| 084 | |a 11 |a 14 |2 sdnb | ||
| 084 | |a DW 1300 |2 rvk |0 (DE-625)rvk/20265:761 | ||
| 084 | |a CV 6800 |2 rvk |0 (DE-625)rvk/19166: | ||
| 084 | |a 71.64 |2 bkl | ||
| 100 | 1 | |a Büttner, Christian |d 1944- |0 (DE-588)115842926 |0 (DE-627)077507185 |0 (DE-576)160475902 |4 aut | |
| 109 | |a Büttner, Christian 1944- |a Bjutner, Kristian 1944- |a Büttner, Christian W. 1944- |a Büttner, C. 1944- | ||
| 245 | 1 | 0 | |a Gewalt vermeiden in gesellschaftlichen Konflikten |b Erwachsenenbildung zur Auseinandersetzung zwischen Institutionen und "neuen Protestbewegungen" |c Christian Büttner |
| 264 | 1 | |a Mainz |b Matthias-Grünewald-Verl. |c 1989 | |
| 300 | |a 211 S |b Ill |c 21 cm | ||
| 336 | |a Text |b txt |2 rdacontent | ||
| 337 | |a ohne Hilfsmittel zu benutzen |b n |2 rdamedia | ||
| 338 | |a Band |b nc |2 rdacarrier | ||
| 490 | 1 | |a Psychoanalytische Pädagogik |v 1 | |
| 490 | 0 | |a Edition Psychologie und Pädagogik | |
| 500 | |a Literaturverz. S. 206 - 211 | ||
| 505 | 8 | |a Literaturverz. S. 206 - 211 | |
| 505 | 8 | |a Literaturverz. S. 206 - 211 | |
| 583 | 1 | |a Archivierung/Langzeitarchivierung gewährleistet |f PERP |2 pdager |5 DE-36 | |
| 583 | 1 | |a Archivierung/Langzeitarchivierung gewährleistet |f PERP |2 pdager |5 DE-77 | |
| 650 | 4 | |a Fortbildung + Weiterbildung | |
| 650 | 4 | |a Erwachsenenbildung | |
| 650 | 4 | |a Kommunikation | |
| 650 | 4 | |a Konflikt, sozialer | |
| 653 | 0 | |a Nonviolence |a Study and teaching |a Germany (West) | |
| 653 | 0 | |a Conflict management |a Study and teaching |a Germany (West) | |
| 653 | 0 | |a Riot control |a Study and teaching |a Germany (West) | |
| 653 | 0 | |a Demonstrations |a Study and teaching |a Germany (West) | |
| 689 | 0 | 0 | |d s |0 (DE-588)4015428-2 |0 (DE-627)104791691 |0 (DE-576)208911715 |a Erwachsenenbildung |2 gnd |
| 689 | 0 | 1 | |d s |0 (DE-588)4132693-3 |0 (DE-627)105685755 |0 (DE-576)209637722 |a Politische Institution |2 gnd |
| 689 | 0 | 2 | |d s |0 (DE-588)4068597-4 |0 (DE-627)106105329 |0 (DE-576)209174250 |a Alternativbewegung |2 gnd |
| 689 | 0 | 3 | |d s |0 (DE-588)4055747-9 |0 (DE-627)106156942 |0 (DE-576)209115238 |a Sozialer Konflikt |2 gnd |
| 689 | 0 | 4 | |d s |0 (DE-588)4164954-0 |0 (DE-627)105443522 |0 (DE-576)209892145 |a Konfliktbewältigung |2 gnd |
| 689 | 0 | 5 | |d s |0 (DE-588)4050453-0 |0 (DE-627)104778512 |0 (DE-576)209087447 |a Rollenspiel |2 gnd |
| 689 | 0 | |5 DE-101 | |
| 830 | 0 | |a Psychoanalytische Pädagogik |v 1 |9 1 |w (DE-627)253774284 |w (DE-576)019227051 |w (DE-600)1459799-8 |7 am | |
| 856 | 4 | 2 | |u https://digitale-objekte.hbz-nrw.de/storage/2008/11/20/file_26/2672156.pdf |m V:DE-605 |m X:migimw |q application/pdf |v 2025-07-00 |3 Inhaltsverzeichnis |7 1 |
| 856 | 4 | 2 | |u http://scans.hebis.de/HEBCGI/show.pl?01124132_toc.pdf |m V:DE-605 |q application/pdf |3 Inhaltsverzeichnis |7 1 |
| 889 | |w (DE-627)275386228 | ||
| 935 | |i mdedup | ||
| 935 | |i Blocktest | ||
| 935 | |h HEB |i 0501 | ||
| 935 | |h HEB |i 0503 | ||
| 936 | r | v | |a DW 1300 |b Allgemeines und Deutschland |k Pädagogik |k Erwachsenenbildung und Jugendbildung |k Didaktik; Lernziel, Curriculum |k Allgemeines und Deutschland |0 (DE-627)1270813250 |0 (DE-625)rvk/20265:761 |0 (DE-576)200813250 |
| 936 | r | v | |a CV 6800 |b Soziale Normen, soziale Rolle, sozialer Status |k Psychologie |k Sozialpsychologie |k Soziale Normen, soziale Rolle, sozialer Status |0 (DE-627)1271480816 |0 (DE-625)rvk/19166: |0 (DE-576)201480816 |
| 936 | b | k | |a 71.64 |j Abweichendes Verhalten |0 (DE-627)106416146 |
| 936 | s | n | |a d100 |2 mzub |
| 936 | s | n | |a c200 |2 mzub |
| 936 | s | n | |a m200 |2 mzub |
| 938 | 1 | 0 | |0 (DE-627)1756228973 |0 (DE-615)6609463 |a Erwachsenenbildung |2 fivt |
| 938 | 1 | 0 | |0 (DE-627)1756168911 |0 (DE-615)6604947 |a Politische Institution |2 fivt |
| 938 | 1 | 0 | |0 (DE-627)1756241643 |0 (DE-615)6605959 |a Sozialer Konflikt |2 fivt |
| 951 | |a BO | ||
| ELC | |b 1 | ||
| LOK | |0 000 xxxxxcx a22 zn 4500 | ||
| LOK | |0 001 3328635572 | ||
| LOK | |0 003 DE-627 | ||
| LOK | |0 004 026815737 | ||
| LOK | |0 005 20140225111341 | ||
| LOK | |0 008 140225||||||||||||||||ger||||||| | ||
| LOK | |0 040 |a DE-21-110 |c DE-627 |d DE-21-110 | ||
| LOK | |0 689 |a s |a Protestbewegung | ||
| LOK | |0 852 |z Kein Bestand am IfK; Nachweis für KrimDok | ||
| LOK | |0 852 |a DE-21-110 | ||
| LOK | |0 852 1 |m v |9 00 | ||
| LOK | |0 935 |a k110 | ||
| LOK | |0 938 |k v | ||
| LOK | |0 939 |a 25-02-14 |b l01 | ||
| ORI | |a SA-MARC-krimdoka001.raw | ||
